| 000 | 01195aam a2200337ui 4500 | ||
|---|---|---|---|
| 001 | 006718711 | ||
| 003 | EG-ScBUE | ||
| 005 | 20240325112915.0 | ||
| 008 | 960422s1995 enk f b 001 0 eng d | ||
| 020 | _a0140433953 (pbk) : | ||
| 020 | _a9780140433951 | ||
| 040 |
_aEG-ScBUE _beng _erda _cEG-ScBUE _dEG-ScBUE |
||
| 082 | 0 | 4 |
_a937.06 _222 _bGIB |
| 100 | 1 |
_aGibbon, Edward, _d1737-1794, _eauthor. _933563 |
|
| 245 | 1 | 4 |
_aThe history of the decline and fall of the Roman Empire / _cEdward Gibbon ; edited by David Womersley. |
| 264 | 1 |
_aLondon : _bPenguin Books, _c1995. |
|
| 300 |
_av,1352 pages ; _c20 cm. |
||
| 336 |
_2rdacontent _atext _btxt |
||
| 337 |
_aunmediated _2rdamedia _bn |
||
| 338 |
_avolume _bnc _2rdacarrier |
||
| 490 | 0 | _aPenguin classics | |
| 500 | _aOriginally published as v.5 and v.6 in 6v. set: London : s.n., 1788. | ||
| 504 | _aIncludes bibliographical references and index. | ||
| 505 | 2 | _aVolume 5 -- Volume 6. | |
| 651 | 7 |
_aRome _xHistory _yEmpire, 30 B.C.-476 A.D. _2BUEsh _933564 |
|
| 651 | 7 |
_aByzantine Empire _xHistory. _2BUEsh _933565 |
|
| 653 | 1 | _cSeptember2013 | |
| 655 | _vReading book | ||
| 700 | 1 |
_aWomersley, David, _eeditor. _933566 |
|
| 942 |
_2ddc _cBB |
||
| 999 |
_c17504 _d17476 |
||